| 000 | 01019cam a2200145 4500500 | ||
|---|---|---|---|
| 005 | 20251214001352.0 | ||
| 041 | _afre | ||
| 042 | _adc | ||
| 100 | 1 | 0 |
_aLogéat, Catherine _eauthor |
| 700 | 1 | 0 |
_aPaillard, Christine _eauthor |
| 245 | 0 | 0 | _aDroit administratif général : Exercices corrigés |
| 260 |
_bArmand Colin,
_c2010. |
||
| 520 | _aLa mise à jour tient compte de l’évolution législative et de la jurisprudenceLe droit administratif général est la « majeure » la plus redoutée par les étudiants de science politique et de droit (L2). Pour réussir, il faut en maîtriser les grands principes, les évolutions de la jurisprudence, mais surtout savoir les appliquer.Fortement méthodologique, ce manuel aborde les trois modalités du contrôle de connaissances sous forme d’exemples concrets : commentaire de décision du Conseil d’État, dissertation, cas pratique. | ||
| 856 | 4 | 1 | _uhttps://shs.cairn.info/droit-administratif-general--9782200249052?lang=fr&redirect-ssocas=7080 |
| 999 |
_c1566118 _d1566118 |
||